Last chances (Record no. 65388)
[ view plain ]
| 000 -LEADER | |
|---|---|
| fixed length control field | 01711cam a2200253 4500 |
| 001 - CONTROL NUMBER | |
| control field | X109525 |
| 008 - FIXED-LENGTH DATA ELEMENTS--GENERAL INFORMATION | |
| fixed length control field | 000000n2000 000 0 eng u |
| 035 ## - SYSTEM CONTROL NUMBER | |
| System control number | (Sirsi) u109525 |
| 100 ## - MAIN ENTRY--PERSONAL NAME | |
| Personal name | Bessey, J |
| 245 ## - TITLE STATEMENT | |
| Title | Last chances |
| 260 ## - PUBLICATION, DISTRIBUTION, ETC. | |
| Date of publication, distribution, etc. | 2000 |
| 490 ## - SERIES STATEMENT | |
| Series statement | Building |
| Volume/sequential designation | 265(8162) 17 November 2000, 63(1) |
| 520 ## - SUMMARY, ETC. | |
| Summary, etc. | Looks at provisions in standard forms of contracts which make matters such as design, compliance with law, and extensions of time final once a final certificate has been issued. Complications can arise as the Housing Grants, Construction and Regeneration Act 1996 s108 entitles a party to adjudicate 'at any time'. The JCT 1998 contracts have tried to resolve this by giving parties an extra 28-day period from the date of the adjudicator's award to take further proceedings, as found in JCT WCD 1998 cl30.8. Concludes that the CA decision in "Crown Estate Commissioners v John Mowlem and Co Ltd" has helped to clarify the situation; the right to adjudicate at any time can be made insubstantial in contracts where clauses make specific determinations final. |
| 650 ## - SUBJECT ADDED ENTRY--TOPICAL TERM | |
| Topical term or geographic name entry element | BUILT ENVIRONMENT-BUILDING CONTRACT FORMS-STANDARD FORMS OF BUILDING CONTRACT-JOINT CONTRACTS TRIBNUAL CONTRACTS |
| 650 ## - SUBJECT ADDED ENTRY--TOPICAL TERM | |
| Topical term or geographic name entry element | JCT WCD 1998 CL30.8 |
| 650 ## - SUBJECT ADDED ENTRY--TOPICAL TERM | |
| Topical term or geographic name entry element | EXTENSIONS OF TIME |
| 650 ## - SUBJECT ADDED ENTRY--TOPICAL TERM | |
| Topical term or geographic name entry element | MANAGEMENT-DISPUTE AVOIDANCE, MANAGEMENT AND RESOLUTION-DISPUTE MANAGEMENT AND RESOLUTION-ARBITRATION |
| 650 ## - SUBJECT ADDED ENTRY--TOPICAL TERM | |
| Topical term or geographic name entry element | HOUSING GRANTS, CONSTRUCTION AND REGENERATION ACT 1996 S108 |
| 650 ## - SUBJECT ADDED ENTRY--TOPICAL TERM | |
| Topical term or geographic name entry element | FINAL CERTIFICATES |
| 650 ## - SUBJECT ADDED ENTRY--TOPICAL TERM | |
| Topical term or geographic name entry element | CROWN ESTATE COMMISSIONERS V JOHN MOWLEM AND CO LTD |
| 650 ## - SUBJECT ADDED ENTRY--TOPICAL TERM | |
| Topical term or geographic name entry element | BARKING AND DAGENHAM LBC V TERRAPIN CONSTRUCTION |
| 690 ## - LOCAL SUBJECT ADDED ENTRY--TOPICAL TERM (OCLC, RLIN) | |
| Topical term or geographic name as entry element | BUILT ENVIRONMENT-BUILDING CONTRACT FORMS |
| 942 ## - ADDED ENTRY ELEMENTS (KOHA) | |
| Suppress in OPAC | 0 |
| Withdrawn status | Lost status | Source of classification or shelving scheme | Damaged status | Not for loan | Home library | Current library | Shelving location | Date acquired | Total Checkouts | Full call number | Barcode | Date last seen | Copy number | Price effective from | Koha item type |
|---|---|---|---|---|---|---|---|---|---|---|---|---|---|---|---|
| Dewey Decimal Classification | London | London | Journal article | 08/12/2000 | X109525 | 109525-1001 | 06/08/2019 | 1 | 06/08/2019 | Journal article |